Medición multidimensional de la precariedad laboral en Centroamérica /
El artículo aborda el tema de la precariedad laboral en la región centroamericana y propone una metodología para su medición multidimensional. El autor examina diferentes dimensiones de la precariedad laboral, como la inestabilidad, la baja remuneración, la falta de protección social y las condicion...
Αποθηκεύτηκε σε:
| Κύριος συγγραφέας: | |
|---|---|
| Άλλοι συγγραφείς: | , |
| Μορφή: | Βιβλίο |
| Γλώσσα: | Spanish |
| Θέματα: | |
| Διαθέσιμο Online: | texto completo desde el sitio de la revista |
| Ετικέτες: |
Προσθήκη ετικέτας
Δεν υπάρχουν, Καταχωρήστε ετικέτα πρώτοι!
|
MARC
| LEADER | 00000nam a22000007a 4500 | ||
|---|---|---|---|
| 003 | cru CIDCACS/IIS | ||
| 005 | 20230902220312.0 | ||
| 007 | ta | ||
| 008 | 190925t2018 cr |||p|r||||||0| ||spa|d | ||
| 040 | |c cru CIDCACS/IIS | ||
| 100 | 1 | |9 8617 |a Sabillón Casco, Josué | |
| 245 | 1 | |a Medición multidimensional de la precariedad laboral en Centroamérica / |c Josué Sabillón Casco, Aurora Aragón Benavides, Indiana López Bonilla | |
| 300 | |a 117-129 páginas : |b tablas | ||
| 520 | |a El artículo aborda el tema de la precariedad laboral en la región centroamericana y propone una metodología para su medición multidimensional. El autor examina diferentes dimensiones de la precariedad laboral, como la inestabilidad, la baja remuneración, la falta de protección social y las condiciones de trabajo deficientes. Mediante el uso de indicadores cuantitativos y cualitativos, se busca comprender la complejidad y las múltiples facetas de la precariedad laboral en la región. El estudio tiene como objetivo proporcionar herramientas para la evaluación y el diseño de políticas laborales que contribuyan a mejorar las condiciones de trabajo y promover un empleo digno en Centroamérica.RAR 03/2023 | ||
| 650 | 0 | |2 OCDE |9 7197 |a PROTECCIÓN SOCIAL | |
| 650 | 0 | |2 OCDE |9 1481 |a CONDICIONES DE TRABAJO | |
| 650 | 0 | |2 OCDE |9 125 |a INDICADORES | |
| 650 | 0 | |2 OCDE | |
| 700 | 1 | |9 8618 |a Aragón Benavides, Aurora | |
| 700 | 1 | |9 8619 |a López Bonilla, Indiana | |
| 773 | 0 | |0 18728 |9 3111 |a Briceño Arango, David |d San José, Costa Rica Editorial UCR 1956- |o 19047 |t Revista de Ciencias Sociales/ |x 04825276 | |
| 856 | |u https://revistas.ucr.ac.cr/index.php/sociales/article/view/36586/37274 |y texto completo desde el sitio de la revista | ||
| 942 | |2 ddc |c PP | ||
| 999 | |c 42415 |d 42415 | ||
